Automatizované systémy riadenia technologických procesov v chemickom a potravinárskom priemysle zborník prednášok z 8. celoštátnej konferencie : Vysoké Tatry, 1991 2. diel

Bibliographic Details
Format: Book
Language:Slovak
Czech
PhysicalDescription:164 s. ilustr., sch., tab. 20 cm
Published: Košice Dom techniky ZSVTS 1991
ISBN:8023201476
Edition:1. vyd.
Subjects:

MARC

LEADER 00000cam a2200000 a 4500
001 vtls001065968
003 SK-MaSNL
005 20260301152935.0
008 240226s1991 xo a f n 100 0 slo
015 |a SNBA1991/11 
020 |a 8023201476  |q (brož.) 
035 |a EB669944-CE66-4F8E-B784-ACB1B002A338 
035 |a SNK000008798 
035 |a urn:nbn:sk:snk-am005bv6 
035 |a urn:nbn:sk:snk-amkqrk 
040 |a SNK  |b slo  |c SNK  |e AACR2 
041 0 |a slo  |a cze 
044 |a xo  |c SK 
080 |a 66  |2 1981 
080 |a 66(082)  |2 1981 
080 |a 681.51(082)  |2 1981 
080 |a 681.51:66(082)  |2 1981 
245 0 0 |a Automatizované systémy riadenia technologických procesov v chemickom a potravinárskom priemysle  |b zborník prednášok z 8. celoštátnej konferencie : Vysoké Tatry, 1991  |n 2. diel  |c [aut. kol.] 
250 |a 1. vyd. 
260 |a Košice  |b Dom techniky ZSVTS  |c 1991  |e Košice  |f Dom techniky ZSVTS 
300 |a 164 s.  |b ilustr., sch., tab.  |c 20 cm 
366 |e 90 výt. 
504 |a Bibliogr. odkazy 
546 |a Text aj čes. 
650 0 7 |a automatizované systémy riadenia  |2 SNKPH  |9 28612 
650 0 7 |a chemický priemysel  |2 SNKPH  |9 69615 
650 0 7 |a potravinársky priemysel  |2 SNKPH  |9 974 
655 7 |a zborníky  |2 SNKPH  |9 70165 
919 |a 80-232-0147-6 
958 |a NB 
958 |a RM 
958 |a TL 
999 |c 790751  |d 792681 
952 |a SNK  |b SNK  |y VYP  |7 0  |p 17A0327398  |o snkSC 80330/2 D1  |i snkKSP 7238/91  |0 0  |1 0  |4 0  |d 2002-01-14  |f 1  |l 0  |r 2005-01-01 00:00:00  |w 2026-02-24